| 000 | 00534nam a22001337a 4500 | ||
|---|---|---|---|
| 008 | 230503b |||||||| |||| 00| 0 eng d | ||
| 040 |
_aNational Science Library _cNational Science Library |
||
| 080 |
_a681.2(08.2) _bN8 |
||
| 245 |
_aProceedings of MICV-98 National symposium & exposition on modern instrumentation-challenges & visions _c/ Council of Scientific and Industrial Research |
||
| 260 |
_aNew Delhi: _bCouncil of Scientific and Industrial Research, _c1998 |
||
| 300 | _a162p. | ||
| 650 | _aIndustries | ||
| 942 |
_2udc _cREF |
||
| 999 |
_c26472 _d26472 |
||